[Event "Flint (Class C/1)"]
[Site "?"]
[Date "1990.??.??"]
[Round "?"]
[White "Rubel, J."]
[Black "Lewis, James"]
[Result "1-0"]
[WhiteElo "1605"]
[BlackElo "1605"]
[PlyCount "165"]
[EventDate "1990.??.??"]

1. f4 d5 2. b3 Nc6 3. Bb2 Nf6 4. Nf3 Bf5 5. e3 Nb4 6. d3 c5 7. a3 Nc6 8. Be2
Qa5+ 9. Qd2 Qb6 10. O-O O-O-O 11. Ne5 Be6 12. Nxc6 Qxc6 13. h3 Ne8 14. Bf3 Nd6
15. Nc3 Nf5 16. Qe1 h5 17. e4 Nd4 18. exd5 Nxf3+ 19. Rxf3 Bxd5 20. Nxd5 Qxd5
21. a4 f6 22. a5 Rg8 23. f5 g6 24. Qe6+ Qxe6 25. fxe6 Rd6 26. Re3 Bh6 27. Re2
Kc7 28. Rf1 h4 29. Ba3 Rd5 30. Bb2 Rgd8 31. Bc3 R8d6 32. Bxf6 Kd8 33. Bxh4 c4
34. bxc4 Rxa5 35. Rf7 Bg5 36. Bg3 Kc7 37. Bxd6+ Kxd6 38. Rg7 Ra1+ 39. Kf2 Bf6
40. Rxg6 Bd4+ 41. Kg3 a5 42. Rg8 a4 43. Rd8+ Kc5 44. Rd7 Bf6 45. Rxb7 Kc6 46.
Ra7 Kb6 47. Ra8 Kb7 48. Ra5 Bc3 49. Rb5+ Kc6 50. Rd5 a3 51. Rd8 Rf1 52. Ra8 Bb4
53. c3 Bd6+ 54. Kg4 Rc1 55. Ra6+ Kc7 56. Rxd6 Kxd6 57. Ra2 Rxc3 58. d4 Rxc4 59.
Rxa3 Rxd4+ 60. Kg5 Kxe6 61. Ra5 Kf7 62. g4 Rd6 63. Kh5 Rd8 64. g5 Re8 65. h4 e5
66. Kg4 Kg6 67. h5+ Kg7 68. Ra7+ Kg8 69. Kf5 e4 70. Ra2 e3 71. Re2 Kg7 72. Kf4
Rh8 73. h6+ Kg6 74. Rxe3 Rf8+ 75. Kg4 Rf1 76. Re6+ Kf7 77. Re3 Kg6 78. Rf3 Rg1+
79. Rg3 Rf1 80. Rf3 Rg1+ 81. Rg3 Rf1 82. Kh3 Ra1 83. Kg2 1-0

[Event "Detroit (MOR/1a/29)"]
[Site "?"]
[Date "1990.??.??"]
[Round "?"]
[White "Rubel, J."]
[Black "Ashman, Brad"]
[Result "1-0"]
[WhiteElo "1605"]
[BlackElo "1605"]
[PlyCount "129"]
[EventDate "1990.??.??"]

1. f4 d5 2. e3 e6 3. b3 Nc6 4. Bb2 Nf6 5. Bd3 Bc5 6. Nf3 O-O 7. Nc3 d4 8. Na4
b6 9. Nxc5 bxc5 10. O-O Re8 11. exd4 Nxd4 12. Nxd4 cxd4 13. Qf3 Rb8 14. Rad1
Bb7 15. Qf2 c5 16. c3 Ng4 17. Qg3 f5 18. h3 Nf6 19. cxd4 cxd4 20. Qf2 Qd5 21.
Bxd4 Ne4 22. Bxe4 Qxe4 23. Bxa7 Ra8 24. d3 Qd5 25. Bc5 Ra5 26. d4 Rea8 27. Rd2
Ba6 28. Re1 Bb7 29. Re3 R5a6 30. Qf3 Rxa2 31. Rxa2 Rxa2 32. b4 Rb2 33. Qxd5
Bxd5 34. g3 Rb1+ 35. Kf2 Bc4 36. Rc3 Rf1+ 37. Kg2 Be2 38. Rc2 Bd3 39. Rb2 e5
40. fxe5 f4 41. gxf4 Rxf4 42. Rf2 Be4+ 43. Kg3 Rxf2 44. Kxf2 Kf7 45. b5 Ke6 46.
b6 Bb7 47. Ke3 g5 48. Kf2 h5 49. Kg3 g4 50. hxg4 hxg4 51. Kxg4 Bd5 52. Kg5 Be4
53. Bd6 Bc6 54. Kg6 Kd5 55. Kf6 Kxd4 56. e6 Kc4 57. e7 Kb5 58. b7 Bxb7 59.
e8=Q+ Bc6 60. Qe5+ Kb6 61. Qb2+ Bb5 62. Bc7+ Kc6 63. Qc3+ Kb7 64. Qc5 Bd7 65.
Qb6+ 1-0

[Event "Lansing (MI Am/3/29)"]
[Site "?"]
[Date "1990.??.??"]
[Round "?"]
[White "Ruark, D."]
[Black "Serwatowski, Felix"]
[Result "1-0"]
[WhiteElo "1685"]
[BlackElo "1605"]
[PlyCount "85"]
[EventDate "1990.??.??"]

{3/(29)} 1. d4 d5 2. c4 Nf6 3. Nc3 e6 4. e3 Be7 5. Nf3 O-O 6. Be2 c5 7. cxd5
exd5 8. dxc5 Bxc5 9. O-O Re8 10. a3 a5 11. a4 Nc6 12. Bb5 Bb4 13. Na2 Bf8 14.
Bd2 g6 15. Nd4 Bd7 16. Bxc6 bxc6 17. Nc1 c5 18. Ndb3 Bg4 19. f3 Bf5 20. Ne2 Qb6
21. Bc3 Rxe3 22. Bxf6 Rxb3 23. Qxd5 c4+ 24. Bd4 Qb8 25. Qxc4 Rb4 26. Qd5 Bd3
27. Rfe1 Bxe2 28. Rxe2 Ra6 29. Bc3 Rf4 30. g3 Rf5 31. Qd4 Raf6 32. f4 Bc5 33.
Qxc5 Rxc5 34. Bxf6 Rc8 35. Rd1 Qb6+ 36. Bd4 Qb3 37. Rde1 f5 38. Bc3 Qxa4 39.
Re5 Ra8 40. Rc5 Qa2 41. Rc7 a4 42. Ree7 Qb1+ 43. Kg2 1-0

[Event "Lansing (MI Am/1/47)"]
[Site "?"]
[Date "1990.??.??"]
[Round "?"]
[White "Ruark, D."]
[Black "Lenning, B."]
[Result "1-0"]
[WhiteElo "1685"]
[BlackElo "1605"]
[PlyCount "73"]
[EventDate "1990.??.??"]

{1/(47)} 1. c4 b6 2. g3 Bb7 3. Nf3 Nf6 4. Bg2 Nc6 5. O-O e6 6. Nc3 Rb8 7. d4 d5
8. b3 Be7 9. Bg5 O-O 10. Bxf6 Bxf6 11. cxd5 exd5 12. e3 Re8 13. Qd2 a5 14. a3
Qd7 15. Rfc1 Re6 16. Ne1 Ne7 17. Bh3 Ba6 18. Nd3 g6 19. Nf4 Nf5 20. Nxe6 fxe6
21. Ne2 Bb7 22. Bg2 e5 23. Ra2 e4 24. Rac2 c6 25. b4 axb4 26. axb4 b5 27. Bh3
Qd6 28. Nf4 Be7 29. Rb1 Ng7 30. Qc3 g5 31. Ne2 Bc8 32. Bxc8 Rxc8 33. Ra2 Ne6
34. Qe1 Qd8 35. Qf1 Qf8 36. Qh3 Qf3 37. Qxe6+ 1-0

[Event "Lansing (MI Am/5/17)"]
[Site "?"]
[Date "1990.??.??"]
[Round "?"]
[White "Ruark, D."]
[Black "Garrison, Ray"]
[Result "1/2-1/2"]
[WhiteElo "1685"]
[BlackElo "1800"]
[PlyCount "53"]
[EventDate "1990.??.??"]

{5/(17)} 1. c4 f5 2. g3 g6 3. Bg2 Bg7 4. Nc3 c6 5. e3 Nf6 6. Nge2 O-O 7. O-O d6
8. b3 Na6 9. Bb2 e5 10. d3 d5 11. d4 e4 12. cxd5 Nxd5 13. Nxd5 Qxd5 14. Nc3 Qf7
15. Qe2 Nb4 16. Ba3 a5 17. f3 exf3 18. Bxf3 Re8 19. Qd2 Bh6 20. Nd1 Nd5 21.
Bxd5 Qxd5 22. Qf2 b6 23. Bc1 Ba6 24. Re1 Bd3 25. e4 fxe4 26. Bxh6 Qh5 27. Be3
1/2-1/2

[Event "Detroit (MOR/2/54)"]
[Site "?"]
[Date "1990.??.??"]
[Round "?"]
[White "Royster, H."]
[Black "Venia, Matt"]
[Result "1-0"]
[WhiteElo "1605"]
[BlackElo "1605"]
[PlyCount "67"]
[EventDate "1990.??.??"]

{2/(54)} 1. e4 e5 2. Nf3 Nc6 3. Bc4 Nf6 4. d3 Bc5 5. O-O d6 6. Bg5 h6 7. Bxf6
gxf6 8. Nh4 Be6 9. Qh5 Bxc4 10. dxc4 Qe7 11. Nf5 Qf8 12. c3 O-O-O 13. Qh3 Kb8
14. Nd2 Ne7 15. Nxe7 Qxe7 16. b4 Bb6 17. a4 c6 18. a5 Bc7 19. b5 cxb5 20. cxb5
Rdg8 21. b6 axb6 22. axb6 Bxb6 23. c4 h5 24. Qa3 Kc7 25. Rfb1 h4 26. Qb4 Kd7
27. Qxb6 Ke6 28. Qb5 f5 29. Qd5+ Kf6 30. exf5 Kxf5 31. Qe4+ Kf6 32. Rb3 Kg7 33.
Qg4+ Kf6 34. Rf3# 1-0

[Event "Detroit (MOR/4/18)"]
[Site "?"]
[Date "1990.??.??"]
[Round "?"]
[White "Royster, H."]
[Black "Saulmon, Scott"]
[Result "0-1"]
[WhiteElo "1605"]
[BlackElo "1640"]
[PlyCount "108"]
[EventDate "1990.??.??"]

{4/(18)} 1. d4 Nf6 2. e3 g6 3. Bd3 Bg7 4. Nf3 O-O 5. O-O d6 6. Nbd2 Nc6 7. c3
e5 8. Qe1 Re8 9. e4 exd4 10. cxd4 Bf5 11. Qd1 Nxe4 12. Nxe4 Bxe4 13. Bxe4 Rxe4
14. Qb3 Rb8 15. Qd5 Qe8 16. Ng5 Rxd4 17. Qf3 Qd7 18. Be3 Rh4 19. Rab1 Ne5 20.
Qd1 h6 21. Nf3 Qg4 22. Nxe5 Qxd1 23. Rfxd1 Bxe5 24. g3 Rh5 25. Bxa7 Ra8 26. Bd4
Rxa2 27. Bxe5 Rxe5 28. Kg2 d5 29. h4 c6 30. Rd3 b5 31. Ra3 Rxa3 32. bxa3 Kg7
33. g4 Kf6 34. Rc1 Re6 35. Kg3 Ke7 36. Rc2 Kd6 37. f3 Re3 38. Ra2 d4 39. Kf4 c5
40. a4 b4 41. a5 Ra3 42. Rxa3 bxa3 43. a6 a2 44. a7 a1=Q 45. Ke4 Qxa7 46. f4
Qe7+ 47. Kd3 Qe3+ 48. Kc4 Qxf4 49. g5 h5 50. Kd3 Qe3+ 51. Kc4 Qc3+ 52. Kb5 Qb4+
53. Ka6 Kc6 54. Ka7 Qb7# 0-1

[Event "Lansing (MI Am/2/9)"]
[Site "?"]
[Date "1990.??.??"]
[Round "?"]
[White "Rostrom, Richard"]
[Black "Yaure, Chris"]
[Result "1-0"]
[WhiteElo "1710"]
[BlackElo "1925"]
[PlyCount "167"]
[EventDate "1990.??.??"]

{2/(9)} 1. c4 Nf6 2. g3 g6 3. Bg2 Bg7 4. Nf3 O-O 5. O-O d6 6. Nc3 c6 7. d4 Nbd7
8. Bg5 h6 9. Bf4 Nh5 10. Bd2 e5 11. d5 f5 12. e4 f4 13. Qc1 g5 14. g4 Nhf6 15.
h3 Nc5 16. Nh2 cxd5 17. cxd5 b5 18. b4 Ncd7 19. Re1 Qb6 20. a4 bxa4 21. Nxa4
Qb8 22. Nb2 Bb7 23. Qb1 Rc8 24. Rc1 Ne8 25. Nc4 Bf6 26. Na5 Ba6 27. Nc6 Qb6 28.
Qa2 Nc7 29. Qa5 Kf7 30. Bf1 Bxf1 31. Kxf1 Nb5 32. Qa6 Ke8 33. Ra5 Qxa6 34. Rxa6
Bd8 35. Nxd8 Kxd8 36. Rac6 Rxc6 37. Rxc6 Rc8 38. Rxc8+ Kxc8 39. Ke2 Kb7 40. Nf3
Kb6 41. Kd3 Nf6 42. Ne1 Nd4 43. Bc3 Kb5 44. Bxd4 exd4 45. Nc2 Nd7 46. Nxd4+
Kxb4 47. Nc6+ Kc5 48. Nxa7 Ne5+ 49. Ke2 Kb6 50. Nc8+ Kc7 51. Ne7 Kd7 52. Nf5
Nf7 53. h4 Kc7 54. hxg5 hxg5 55. Kd3 Ne5+ 56. Ke2 Nxg4 57. Nd4 Ne5 58. Ne6+ Kd7
59. Nxg5 Ke7 60. Ne6 Kf6 61. Nxf4 Nc4 62. Kd3 Ne5+ 63. Kd4 Nf3+ 64. Ke3 Ne5 65.
Nd3 Ng6 66. f4 Nh4 67. e5+ dxe5 68. fxe5+ Ke7 69. Kf4 Ng6+ 70. Kf5 Nh4+ 71. Kg4
Ng6 72. Kf5 Nh4+ 73. Ke4 Ng6 74. Kd4 Kd7 75. Nc5+ Kc7 76. d6+ Kc6 77. d7 Kc7
78. e6 Ne7 79. Ke5 Nc6+ 80. Kf6 Kd8 81. Nb7+ Kc7 82. d8=Q+ Nxd8 83. Nxd8 Kxd8
84. Kf7 1-0

[Event "Lansing (Mini-Swiss.2/3)"]
[Site "?"]
[Date "1990.??.??"]
[Round "?"]
[White "Rostrom, Richard"]
[Black "Williams, BM."]
[Result "1-0"]
[WhiteElo "1740"]
[BlackElo "1675"]
[PlyCount "69"]
[EventDate "1990.??.??"]

{2/(3)} 1. c4 Nf6 2. g3 g6 3. Bg2 Bg7 4. Nf3 O-O 5. O-O c5 6. Nc3 d6 7. d3 Nc6
8. a3 Bd7 9. Nd2 e6 10. Rb1 a6 11. Nde4 Ne8 12. Bg5 f6 13. Bd2 Qc7 14. b4 cxb4
15. axb4 h6 16. f4 f5 17. Nf2 Ne7 18. Qb3 Kh7 19. b5 Bxc3 20. Qxc3 axb5 21.
cxb5 Qxc3 22. Bxc3 d5 23. Be5 Ra2 24. Rfe1 Rc2 25. Bf3 Kg8 26. Nd1 Nc7 27. Ne3
Rc5 28. Bd6 Rxb5 29. Bxe7 Re8 30. Bd6 Na6 31. Nc2 Rxb1 32. Rxb1 Bc6 33. Nd4 Rd8
34. Be5 Nb8 35. Bxb8 $138 1-0

[Event "Lansing (Mini-Swiss.4/1)"]
[Site "?"]
[Date "1990.??.??"]
[Round "?"]
[White "Rostrom, Richard"]
[Black "Vangilder, D."]
[Result "1-0"]
[WhiteElo "1685"]
[BlackElo "1635"]
[PlyCount "99"]
[EventDate "1990.??.??"]

{4/(1)} 1. c4 e5 2. g3 Nc6 3. Bg2 Nf6 4. e3 d5 5. Ne2 Bc5 6. O-O O-O 7. a3 dxc4
8. Nbc3 Ne7 9. Ne4 Nxe4 10. Bxe4 c6 11. Qc2 Ng6 12. Qxc4 Be6 13. Qxc5 f5 14.
Bg2 Qe7 15. b4 Qxc5 16. bxc5 Bc4 17. Re1 Rad8 18. Nc3 e4 19. Bf1 Ne5 20. Bxc4+
Nxc4 21. Rd1 Rd7 22. Ne2 Ne5 23. Nd4 Nd3 24. a4 Rf6 25. Ba3 Kf8 26. Rab1 Kf7
27. Nb3 Kg6 28. Bb2 Rff7 29. Bd4 Kg5 30. Nc1 h5 31. Nxd3 exd3 32. Kg2 Kg6 33.
f4 Kh6 34. h4 Rfe7 35. Rb3 Re8 36. Rxd3 Kg6 37. Rb3 Kf7 38. Kf3 Ree7 39. Be5
Ke8 40. Bd6 Re4 41. d4 Kd8 42. a5 Re6 43. Rdb1 Kc8 44. a6 Rexd6 45. cxd6 b6 46.
Rc3 Rxd6 47. Rbc1 Kd7 48. Rc4 Ke7 49. e4 g6 50. e5 1-0

[Event "Lansing (Mini-Swiss.2/1)"]
[Site "?"]
[Date "1990.??.??"]
[Round "?"]
[White "Rostrom, Richard"]
[Black "Vandenburg, V.E."]
[Result "1-0"]
[WhiteElo "1740"]
[BlackElo "1625"]
[PlyCount "61"]
[EventDate "1990.??.??"]

{2/(1)} 1. c4 f5 2. d4 b6 3. Nc3 Bb7 4. Nf3 e6 5. e3 Nf6 6. Be2 Be7 7. O-O O-O
8. b3 Bb4 9. Bb2 Bxc3 10. Bxc3 Ne4 11. Bb2 d5 12. Nd2 Nd7 13. Nxe4 fxe4 14. Rc1
c5 15. a3 a5 16. Bg4 Qf6 17. Bh3 Rf7 18. Ba1 Raf8 19. dxc5 Qe7 20. cxb6 Nc5 21.
Rc3 Qh4 22. Qe2 Kh8 23. Qg4 Qxg4 24. Bxg4 Nd3 25. Rc2 Bc8 26. cxd5 Re8 27. dxe6
Rfe7 28. Rc7 Rxc7 29. bxc7 Nc5 30. Rd1 Bxe6 31. Rd8 1-0

[Event "Lansing (Jan)"]
[Site "?"]
[Date "1990.??.??"]
[Round "?"]
[White "Rostrom, Richard"]
[Black "Turner, P."]
[Result "1/2-1/2"]
[WhiteElo "1720"]
[BlackElo "1725"]
[PlyCount "86"]
[EventDate "1990.??.??"]

1. c4 Nf6 2. Nc3 g6 3. g3 Bg7 4. Bg2 O-O 5. e3 d6 6. Nge2 Nbd7 7. O-O Ne5 8.
Qb3 c6 9. d4 Ned7 10. Bd2 e5 11. d5 Nc5 12. Qc2 Bd7 13. b4 Na6 14. Rab1 Ne8 15.
e4 Nac7 16. Qc1 f5 17. Bg5 Nf6 18. Bh6 cxd5 19. Bxg7 Kxg7 20. cxd5 Rc8 21. Qd2
Nh5 22. f4 fxe4 23. fxe5 dxe5 24. d6 Ne6 25. Nd5 Ng5 26. Qb2 Rxf1+ 27. Rxf1 Qe8
28. Ne7 Nf7 29. Rxf7+ Qxf7 30. Qxe5+ Qf6 31. Qxf6+ Kxf6 32. Nxc8 Bxc8 33. Bxe4
Ke6 34. Nc3 a6 35. Nd5 Kxd6 36. Nb6 Be6 37. a3 Kc7 38. Na4 b6 39. Nc3 Nf6 40.
Bd3 b5 41. Ne4 Nxe4 42. Bxe4 Bc8 43. Kf2 Kd6 1/2-1/2

[Event "Lansing (Apr)"]
[Site "?"]
[Date "1990.??.??"]
[Round "?"]
[White "Rostrom, Richard"]
[Black "Sobocinski, Mike"]
[Result "0-1"]
[WhiteElo "1720"]
[BlackElo "1715"]
[PlyCount "78"]
[EventDate "1990.??.??"]

1. c4 c6 2. g3 d5 3. Bg2 dxc4 4. Nc3 Nd7 5. e3 Ngf6 6. Nge2 e6 7. O-O Be7 8.
Qc2 Nc5 9. Na4 Qd3 10. Qxd3 cxd3 11. Nec3 Nxa4 12. Nxa4 O-O 13. a3 e5 14. b4 e4
15. Bb2 Bf5 16. Rac1 Nd5 17. Nc5 Bxc5 18. Rxc5 h5 19. h4 Bh7 20. b5 Rac8 21.
Bh3 f5 22. Rfc1 Nf6 23. Bxf5 Bxf5 24. Rxf5 cxb5 25. Rfc5 Rxc5 26. Rxc5 Ng4 27.
Rg5 Rf7 28. Be5 Nxf2 29. Kg2 Ng4 30. Rxh5 Nxe3+ 31. Kh3 Nc4 32. Bc3 Re7 33. Bb4
Re5 34. Rxe5 Nxe5 35. Kg2 Kf7 36. Kf2 Ke6 37. Ke3 Kf5 38. Kf2 Nc4 39. Ke1 a5
0-1

[Event "Flint (MI Senior/1/6)"]
[Site "?"]
[Date "1990.??.??"]
[Round "?"]
[White "Rostrom, Richard"]
[Black "Shields, B."]
[Result "1-0"]
[WhiteElo "1605"]
[BlackElo "1730"]
[PlyCount "113"]
[EventDate "1990.??.??"]

{1/(6)} 1. c4 c5 2. g3 Nf6 3. Bg2 e6 4. Nc3 Be7 5. e3 O-O 6. Nge2 Nc6 7. O-O
Ne5 8. b3 Nd3 9. Qc2 Nb4 10. Qb1 Ng4 11. a3 Nc6 12. Bb2 Bf6 13. Ne4 Bxb2 14.
Qxb2 d6 15. d4 Nf6 16. Rfd1 Nxe4 17. Bxe4 Qf6 18. Bg2 cxd4 19. Nxd4 Nxd4 20.
Rxd4 e5 21. Rd2 Qe7 22. Rad1 Rd8 23. c5 Bg4 24. f3 Bf5 25. e4 Be6 26. cxd6 Qg5
27. Rd3 Rac8 28. Rc3 Rc6 29. Rxc6 Qe3+ 30. Qf2 Qxf2+ 31. Kxf2 bxc6 32. b4 f6
33. f4 Bb3 34. Rd2 Kf7 35. Ke3 Ba4 36. Bf1 Bb3 37. fxe5 fxe5 38. Rb2 Be6 39.
Rf2+ Ke8 40. Rd2 Bg4 41. b5 Kd7 42. a4 c5 43. Bc4 Rf8 44. Be2 Bxe2 45. Kxe2 Rf6
46. Rd5 Rxd6 47. Rxd6+ Kxd6 48. Kd3 Ke6 49. Kc4 Kd6 50. a5 g6 51. b6 a6 52. b7
Kc7 53. Kxc5 Kxb7 54. Kd6 h6 55. Kxe5 Kc6 56. Kf6 Kb5 57. e5 1-0

[Event "Detroit (RVO/1)"]
[Site "?"]
[Date "1990.??.??"]
[Round "?"]
[White "Rostrom, Richard"]
[Black "Pineda, L."]
[Result "1-0"]
[WhiteElo "1685"]
[BlackElo "1605"]
[PlyCount "67"]
[EventDate "1990.??.??"]

1. c4 Nf6 2. g3 e5 3. Bg2 c5 4. Nc3 Nc6 5. d3 d6 6. e3 Be7 7. Nge2 O-O 8. O-O
e4 9. Nxe4 Nxe4 10. Bxe4 Ne5 11. Bg2 Bg5 12. f4 Ng4 13. fxg5 Qxg5 14. Nf4 Qh6
15. h3 Ne5 16. b3 g5 17. Qh5 Qxh5 18. Nxh5 Nxd3 19. Rd1 Bf5 20. e4 Nxc1 21.
Raxc1 Bg6 22. Nf6+ Kg7 23. Rxd6 Rad8 24. Rcd1 b6 25. Rxd8 Rxd8 26. Rxd8 Kxf6
27. g4 Ke7 28. Rb8 Ke6 29. Kf2 f6 30. Ke3 h5 31. Rb7 f5 32. gxf5+ Bxf5 33.
exf5+ Kxf5 34. Rxa7 1-0

[Event "Detroit (MOR/7/25)"]
[Site "?"]
[Date "1990.??.??"]
[Round "?"]
[White "Rostrom, Richard"]
[Black "Needleman, Andrew"]
[Result "1/2-1/2"]
[WhiteElo "1760"]
[BlackElo "1605"]
[PlyCount "76"]
[EventDate "1990.??.??"]

{7/(25)} 1. c4 c6 2. g3 d5 3. Bg2 e6 4. b3 Bd6 5. Bb2 Nf6 6. Nf3 O-O 7. O-O Ne4
8. d3 Nf6 9. Nbd2 Nbd7 10. Re1 Bb4 11. a3 Bxd2 12. Qxd2 Nc5 13. Qc2 dxc4 14.
bxc4 Nfd7 15. Bc3 Re8 16. Ne5 f6 17. Nxd7 Nxd7 18. d4 e5 19. d5 cxd5 20. Bxd5+
Kh8 21. Red1 Qc7 22. Bb4 Nb6 23. Be4 Qxc4 24. Rdc1 Qxc2 25. Rxc2 Rd8 26. Rc7
Nd5 27. Bxd5 Rxd5 28. Rac1 Rd8 29. Re7 Bg4 30. f3 Bf5 31. Rcc7 Rg8 32. Rxb7 a5
33. Bc5 a4 34. h4 Bc2 35. h5 h6 36. e4 Rae8 37. Rec7 Rc8 38. Be7 Rxc7 1/2-1/2

[Event "Detroit (MOR/2/30)"]
[Site "?"]
[Date "1990.??.??"]
[Round "?"]
[White "Rostrom, Richard"]
[Black "Miller, Dan"]
[Result "1/2-1/2"]
[WhiteElo "1760"]
[BlackElo "1605"]
[PlyCount "101"]
[EventDate "1990.??.??"]

{2/(30)} 1. c4 d5 2. g3 Nf6 3. Bg2 Bf5 4. b3 e6 5. Bb2 Nbd7 6. Nf3 Bc5 7. e3
Bd3 8. Ne5 Nxe5 9. Bxe5 dxc4 10. Bxb7 O-O 11. Qf3 Rb8 12. Bxf6 Qxf6 13. Qxf6
gxf6 14. Ba6 Rb4 15. Bxc4 Bxc4 16. bxc4 Rfb8 17. Nc3 Rxc4 18. Ke2 Bb4 19. Kd3
Bxc3 20. dxc3 Rc6 21. Kc2 Rcb6 22. Rhb1 Rxb1 23. Rxb1 Rxb1 24. Kxb1 Kf8 25. Kb2
Ke7 26. Kb3 Kd6 27. Kb4 Kc6 28. Ka5 Kc5 29. a4 Kc4 30. g4 c5 31. Ka6 Kxc3 32.
Kxa7 Kd3 33. a5 c4 34. a6 c3 35. Kb8 c2 36. a7 c1=Q 37. a8=Q Qb2+ 38. Kc8 Qxf2
39. Qa3+ Ke4 40. Qe7 Qxh2 41. Qxf7 Qe5 42. Qxh7+ Kxe3 43. Qh3+ Kf4 44. Kd7 Qd5+
45. Ke7 f5 46. gxf5 Qxf5 47. Qh6+ Ke5 48. Qh2+ Qf4 49. Qe2+ Qe4 50. Qxe4+ Kxe4
51. Kxe6 1/2-1/2

[Event "Lansing (MI Am/3/15)"]
[Site "?"]
[Date "1990.??.??"]
[Round "?"]
[White "Rostrom, Richard"]
[Black "Mellen, Steve"]
[Result "1/2-1/2"]
[WhiteElo "1710"]
[BlackElo "1915"]
[PlyCount "73"]
[EventDate "1990.??.??"]

{3/(15)} 1. c4 Nf6 2. g3 g6 3. Bg2 Bg7 4. Nf3 O-O 5. O-O d6 6. Nc3 e5 7. d3 c6
8. Rb1 a5 9. a3 Re8 10. Nd2 d5 11. cxd5 cxd5 12. Qc2 Nc6 13. Nb5 Bf5 14. e4
dxe4 15. Nxe4 Bxe4 16. dxe4 Rc8 17. Qd1 Nd4 18. Nxd4 Qxd4 19. Be3 Qxd1 20.
Rfxd1 Rc4 21. f3 Rc2 22. Bb6 a4 23. Rd8 Rxd8 24. Bxd8 Nd7 25. Ba5 Nc5 26. Bf1
Nb3 27. Bc3 Nd2 28. Bxd2 Rxd2 29. Bb5 f5 30. Bxa4 fxe4 31. fxe4 Kf8 32. Bb3 Bh6
33. Bd5 Be3+ 34. Kh1 b6 35. b3 Rc2 36. Rf1+ Rf2 37. Rxf2+ 1/2-1/2

[Event "Lansing (Jan)"]
[Site "?"]
[Date "1990.??.??"]
[Round "?"]
[White "Rostrom, Richard"]
[Black "June, Brian"]
[Result "0-1"]
[WhiteElo "1720"]
[BlackElo "1700"]
[PlyCount "82"]
[EventDate "1990.??.??"]

1. c4 Nf6 2. Nc3 e5 3. g3 Nc6 4. Bg2 Bc5 5. e3 O-O 6. a3 a5 7. Nge2 d6 8. O-O
Bf5 9. d4 Bb6 10. d5 Nb8 11. e4 Bg6 12. Bg5 Nbd7 13. Na4 Ba7 14. Nac3 h6 15.
Bd2 Nc5 16. Qc2 Qd7 17. b4 axb4 18. axb4 Na6 19. Nb5 Bb6 20. Rfb1 Qg4 21. Nec3
Nh7 22. Qd3 Ng5 23. Be3 Nf3+ 24. Bxf3 Qxf3 25. Qe2 Qxe2 26. Nxe2 Bxe4 27. Rc1
Bxe3 28. fxe3 Bd3 29. Kf2 f5 30. Rc3 Nxb4 31. Rxa8 Rxa8 32. Ra3 Ra6 33. Rxa6
bxa6 34. Na3 a5 35. Nc1 Be4 36. Nb5 Nd3+ 37. Nxd3 Bxd3 38. Nxc7 Bxc4 39. Kf3 a4
40. Ne8 Bxd5+ 41. Kf2 a3 0-1

[Event "Detroit (RVO/2)"]
[Site "?"]
[Date "1990.??.??"]
[Round "?"]
[White "Rostrom, Richard"]
[Black "Hendricks, Marcus"]
[Result "1/2-1/2"]
[WhiteElo "1685"]
[BlackElo "1995"]
[PlyCount "74"]
[EventDate "1990.??.??"]

1. c4 c5 2. g3 Nc6 3. Bg2 e6 4. Nc3 Nf6 5. e3 g6 6. Nge2 Bg7 7. O-O O-O 8. Qc2
Nb4 9. Qb3 d5 10. d4 cxd4 11. Qxb4 dxc3 12. Nxc3 dxc4 13. Rd1 Bd7 14. Qxb7 Qe7
15. Ne4 Nd5 16. Nc3 Rab8 17. Nxd5 exd5 18. Qxd5 Be6 19. Qd2 Rfd8 20. Qe2 Rxd1+
21. Qxd1 Bxb2 22. Bxb2 Rxb2 23. Qd4 Qa3 24. Qd8+ Kg7 25. Qd4+ Kg8 26. Qd8+ Qf8
27. Qd4 Qb8 28. Be4 f5 29. Bd5 Rb1+ 30. Rxb1 Qxb1+ 31. Kg2 Bxd5+ 32. Qxd5+ Kg7
33. Qd4+ Kh6 34. Qh4+ Kg7 35. Qd4+ Kh6 36. Qh4+ Kg7 37. Qxc4 Qb7+ 1/2-1/2

[Event "Flint (Class B/2)"]
[Site "?"]
[Date "1990.??.??"]
[Round "?"]
[White "Rostrom, Richard"]
[Black "Gregory, Kevin"]
[Result "1/2-1/2"]
[WhiteElo "1720"]
[BlackElo "1720"]
[PlyCount "66"]
[EventDate "1990.??.??"]

1. c4 e5 2. Nc3 Nf6 3. g3 d5 4. cxd5 Nxd5 5. Bg2 Nxc3 6. bxc3 c6 7. e3 Bd6 8.
Ne2 O-O 9. O-O Bg4 10. Re1 Nd7 11. Qb3 Nc5 12. Qc2 Re8 13. d4 Nd7 14. Bb2 Nf6
15. c4 e4 16. c5 Bc7 17. Nc3 Ba5 18. Reb1 Bxc3 19. Bxc3 Qd7 20. Rb2 Bf3 21.
Rab1 Rab8 22. Qa4 a6 23. Ba5 Bxg2 24. Kxg2 Qf5 25. Qd1 Re7 26. Bb6 Nd5 27. Rb3
Ra8 28. Ba5 Rb8 29. Qe2 g5 30. h3 f6 31. Qg4 Qg6 32. Qe2 f5 33. Bb6 Rf8 1/2-1/2

[Event "Flint (MI Senior/4/6)"]
[Site "?"]
[Date "1990.??.??"]
[Round "?"]
[White "Rostrom, Richard"]
[Black "Foord, Allan"]
[Result "1-0"]
[WhiteElo "1730"]
[BlackElo "1700"]
[PlyCount "37"]
[EventDate "1990.??.??"]

{4/(6)} 1. c4 Nf6 2. g3 c6 3. d4 g6 4. Bg2 d5 5. cxd5 cxd5 6. Nf3 Nc6 7. O-O
Bg7 8. Nc3 O-O 9. Bg5 h6 10. Bd2 Bf5 11. Qb3 Na5 12. Qb4 Rc8 13. e3 Rc4 14. Qa3
a6 15. Ne5 Rc8 16. Nxd5 Nxd5 17. Qxa5 Qxa5 18. Bxa5 e6 19. e4 1-0

[Event "Flint (Class B/4)"]
[Site "?"]
[Date "1990.??.??"]
[Round "?"]
[White "Rostrom, Richard"]
[Black "Foord, Allan"]
[Result "1/2-1/2"]
[WhiteElo "1720"]
[BlackElo "1680"]
[PlyCount "69"]
[EventDate "1990.??.??"]

1. c4 Nf6 2. Nc3 d5 3. cxd5 Nxd5 4. g3 c6 5. Bg2 g6 6. e3 Bg7 7. Nge2 O-O 8.
O-O e5 9. a3 Bg4 10. h3 Be6 11. d4 Nd7 12. Kh2 Rc8 13. Ne4 Qe7 14. Bd2 Rfd8 15.
Rc1 c5 16. N4c3 Nxc3 17. Bxc3 cxd4 18. exd4 exd4 19. Bb4 Nc5 20. Nf4 b6 21.
Nxe6 Qxe6 22. Re1 Qb3 23. Bxc5 Qxd1 24. Rexd1 Rxc5 25. Rxc5 bxc5 26. Bf1 Rb8
27. Rb1 Rb3 28. Bc4 Rb6 29. b3 Rd6 30. Re1 Kf8 31. Rd1 a5 32. a4 Ke7 33. g4 Kf6
34. Kg3 g5 35. Rd3 1/2-1/2

[Event "Detroit (MOR/4/12)"]
[Site "?"]
[Date "1990.??.??"]
[Round "?"]
[White "Rostrom, Richard"]
[Black "Collins, Devontia"]
[Result "1/2-1/2"]
[WhiteElo "1760"]
[BlackElo "1605"]
[PlyCount "52"]
[EventDate "1990.??.??"]

{4/(12)} 1. c4 Nf6 2. g3 g6 3. Bg2 Bg7 4. e3 O-O 5. Ne2 d6 6. O-O e5 7. Nbc3 c6
8. d4 exd4 9. Nxd4 Nbd7 10. Re1 Ne5 11. b3 Bd7 12. Bb2 h5 13. Nf3 Nxf3+ 14.
Bxf3 Bh3 15. Bg2 Qd7 16. Qe2 Bxg2 17. Kxg2 Qg4 18. h3 Qxe2 19. Rxe2 Rad8 20.
Rd1 Rd7 21. Ba3 Rfd8 22. Red2 Bf8 23. f3 a6 24. Bb2 Bg7 25. Ba3 Bf8 26. Bb2 Bg7
1/2-1/2

[Event "Flint (MI Senior/3/3)"]
[Site "?"]
[Date "1990.??.??"]
[Round "?"]
[White "Rostrom, Richard"]
[Black "Brady, Lindell"]
[Result "0-1"]
[WhiteElo "1730"]
[BlackElo "1945"]
[PlyCount "58"]
[EventDate "1990.??.??"]

{3/(3)} 1. c4 Nf6 2. g3 e6 3. Bg2 d5 4. Nf3 Be7 5. O-O O-O 6. cxd5 exd5 7. d4
Bf5 8. Nc3 Nbd7 9. Nh4 Be6 10. Nf3 c6 11. Ng5 Bf5 12. e4 dxe4 13. Ngxe4 Nxe4
14. Nxe4 Nf6 15. Nxf6+ Bxf6 16. d5 cxd5 17. Bxd5 Qb6 18. Qb3 Qxb3 19. Bxb3 Rfe8
20. Bd5 Re7 21. Kg2 Rd8 22. Bf3 h6 23. h3 b6 24. h4 Rd3 25. g4 Be4 26. Bxe4
Rxe4 27. f3 Re2+ 28. Kh3 Be5 29. g5 h5 0-1

[Event "Lansing (MI Am/5/16)"]
[Site "?"]
[Date "1990.??.??"]
[Round "?"]
[White "Rostrom, F."]
[Black "Swindler, J."]
[Result "1/2-1/2"]
[WhiteElo "1710"]
[BlackElo "1810"]
[PlyCount "115"]
[EventDate "1990.??.??"]

{5/(16)} 1. c4 e5 2. g3 Nf6 3. Bg2 Nc6 4. Nc3 Bc5 5. e3 O-O 6. Nge2 d6 7. O-O
Be6 8. d4 Bxc4 9. dxc5 Qd7 10. a3 Be6 11. Ne4 Nxe4 12. Bxe4 Rfd8 13. Qc2 Bh3
14. Bg2 Qg4 15. Bxh3 Qxh3 16. Qe4 dxc5 17. Qg2 Qg4 18. Nc3 Rd7 19. f3 Qc4 20.
Qe2 Qb3 21. a4 Rad8 22. Ra3 Qe6 23. Rd1 Nb4 24. Rxd7 Rxd7 25. Ne4 b6 26. Rc3
Na2 27. Rc2 Qb3 28. Nc3 Nxc3 29. bxc3 Qxa4 30. Rd2 h6 31. Rxd7 Qxd7 32. c4 a6
33. e4 b5 34. Be3 Qd6 35. cxb5 axb5 36. Qxb5 Qd1+ 37. Kg2 Qc2+ 38. Kh3 c4 39.
Qxe5 Qd3 40. Bd4 f6 41. Qd5+ Kh7 42. Qf5+ Kg8 43. Qd5+ Kh7 44. e5 c3 45. Qe4+
Qxe4 46. fxe4 c2 47. Be3 fxe5 48. Kg2 Kg6 49. Kf2 Kh5 50. Ke2 Kg4 51. Kd2 Kh3
52. Kxc2 Kxh2 53. Bc5 Kxg3 54. Bf8 Kf4 55. Kd3 g5 56. Bxh6 c5 57. Kc4 Kxe4 58.
Bxg5 1/2-1/2